[Event "MCR mladeze 2019 - D10"]
[Site "Kouty nad Desnou"]
[Date "2019.03.14"]
[Round "7"]
[White "Nechvatalova, Eva"]
[Black "Slivova, Linda"]
[Result "1-0"]
[WhiteElo "1100"]
[BlackElo "1066"]
[EventDate "2019.03.09"]

1. e4  e6  2. Nf3  d5
3. Nc3  dxe4  4. Nxe4
Nd7  5. Ng3  Ngf6
6. Be2  Bd6  7. O-O
O-O  8. d3  b6
9. Bg5  Bb7  10. Re1  Re8
11. Qd2  e5  12. Bxf6
Nxf6  13. Qd1  e4
14. dxe4  Nxe4  15. Nxe4
Rxe4  16. Bd3  Rxe1+
17. Qxe1  Qf6  18. Qe3
Bc5  19. Qe2  Qc6
20. Bb5  Qg6  21. Nh4
Qg5  22. Nf3  Bxf3
23. Qxf3  Qe5  24. Qxa8+
Bf8  25. Bd3  Qxb2
26. Re1  h6  27. Re8
Qc1+  28. Bf1  Qa3
29. h3  Qc5  30. Kh2
Qd6+  31. Kg1  Qc5
32. g3  Qd6  33. Kh2
Qc5  34. Rd8  Qxf2+
35. Bg2  Qc5  36. Re8
Qb4  37. c3  Qa3
38. Qd8  Qc5 39. Bd5 Qf2+  40.
Bg2  Qc5  41. c4  Qb4
42. h4  Qc5  43. Kh3
Qf5+  44. Kh2  Qc5
45. Bd5  Qf2+  46. Kh3
Qf5+  47. Kh2  Qf2+
48. Bg2  Qc5  49. Qc8
Qb4  50. Bd5  Qd6
51. Qf5  Qf6  52. Qd7
Qf2+  53. Kh3  Qf6
54. Qc8  Qd6  55. Rd8
Qe7  56. Re8  Qd6
57. Kh2  Qc5  58. Qf5
c6  59. Qxf7+  Kh8
60. Rxf8+  Kh7  61. Be4+
Qf5  62. Bxf5# 1-0

[Event "MCR mladeze 2019 - D10"]
[Site "Kouty nad Desnou"]
[Date "2019.03.14"]
[Round "7"]
[White "Janouskova, Eliska"]
[Black "Cerna, Miriam"]
[Result "0-1"]
[WhiteElo "1069"]
[BlackElo "1100"]
[EventDate "2019.03.09"]

1. e4  c6  2. Nf3  d5
3. exd5  cxd5  4. d4
Bf5  5. Nc3  e6
6. Bb5+  Nc6  7. Bg5  Nf6
8. O-O  Bb4  9. Ne5
Rc8  10. Re1  O-O
11. Qf3  Nxd4  12. Qg3
Nxc2  13. Bh6  Nh5
14. Qf3  g6  15. Rad1
Nxe1  16. Rxe1  Qa5
17. a3  Bxc3  18. bxc3
Rxc3  19. Bd2  Rfc8
20. Bd7  R8c7 21. Qd1  Qxa3
22. Bxc3  Qxc3  23. Rf1
Qxe5  24. Re1  Qc3
25. Ba4  Nf4  26. Rf1
Nd3  27. Bb5  a6
28. Ba4  Qc1  29. Qb3
Qg5  30. Rd1  Be4
31. g3  Nc1  32. Qa3
Qf5  33. Qa1  Qf3
34. Rxc1  Qg2#  0-1

[Event "MCR mladeze 2019 - D10"]
[Site "Kouty nad Desnou"]
[Date "2019.03.14"]
[Round "7"]
[White "Kubickova, Linda"]
[Black "Kusova, Nikola"]
[Result "1-0"]
[WhiteElo "1020"]
[BlackElo "1100"]
[EventDate "2019.03.09"]

1. e4  e5  2. d4  Nc6 3. Nf3 Nf6
4. Nc3  Bb4  5. Bg5
O-O  6. Bb5  a6
7. Bxc6  dxc6  8. O-O  Bxc3
9. bxc3  Bg4  10. Rb1
Bxf3  11. Qxf3  h6 12. dxe5 hxg5
13. exf6 gxf6  14. Qf5  a5  15.
Rfe1  Qe7  16. Re3  Rfd8
17. Rh3  Rd7  18. Qh7+
Kf8 19. Qh8# 1-0

[Event "MCR mladeze 2019 - D12"]
[Site "Kouty nad Desnou"]
[Date "2019.03.14"]
[Round "7"]
[White "Janouskova, Adela"]
[Black "Cinkova, Vicky"]
[Result "1-0"]
[WhiteElo "1258"]
[BlackElo "1124"]
[EventDate "2019.03.09"]

1. e4  c6  2. d4  d5
3. exd5  Qxd5  4. Nc3
Qa5  5. Bc4  Qc7
6. Nf3  Bg4  7. h3
Bxf3  8. Qxf3  Nf6
9. O-O  e6  10. Bg5
Nbd7  11. Rfe1  Bd6
12. Rad1  O-O  13. Ne4
Nxe4  14. Qxe4  c5
15. Bd3  g6  16. Bh6
Rfe8  17. Bc4  cxd4
18. Qxd4  Bf8  19. Bf4
e5  20. Qxd7  Qxc4
21. Bxe5  Bg7  22. Bxg7
Rxe1+  23. Rxe1  Kxg7
24. Qxb7  Rc8  25. Re7
Kf8  26. Qxa7  Re8
27. Rxe8+  Kxe8  28. Qe3+
Kf8  29. Qb3  Qf4
30. Qe3  Qb4  31. Qa3
Qxa3  32. bxa3  Ke7
33. Kf1  Kd6  34. Ke2
Kc5  35. Kd3  Kb5
36. a4+  Kxa4  37. Kd4
Kb5  38. Kd5  1-0

[Event "MCR mladeze 2019 - D12"]
[Site "Kouty nad Desnou"]
[Date "2019.03.14"]
[Round "7"]
[White "Dudkova, Josefina"]
[Black "Martinkova, Magdalena"]
[Result "1-0"]
[WhiteElo "1393"]
[BlackElo "1387"]
[EventDate "2019.03.09"]

1. e4  e5  2. Nc3  Nc6
3. Bc4  Nf6  4. d3
Na5  5. Bb3  Nxb3
6. axb3  d5  7. Bg5
d4  8. Nce2  Bd6
9. h3  Be6  10. Nf3
Qd7  11. O-O  a6
12. c3  dxc3  13. bxc3
Nh5  14. c4  f6
15. Bd2  Bc5  16. Qc2  O-O-O
17. b4  Be7  18. d4 exd4
19. Nexd4  g5  20. b5
Nf4  21. Bxf4  gxf4
22. bxa6  b6  23. Nxe6
Qxe6  24. Rad1  Rdg8
25. Kh2  Bd6  26. Qd3
Rg6  27. Qd5  Qxd5
28. exd5  Rhg8  29. Rg1
Bc5  30. Rd2  Kd7
31. Nd4  Ra8  32. Ra1
Bb4  33. Rd3  Ba5
34. Nb3  Rxa6  35. Nxa5
Rg8  36. Nb3  Rxa1
37. Nxa1  Ra8 38. Nb3  Ra3
39. Rf3  Kd6  40. Nd2
Rxf3  41. Nxf3  Kc5
42. Nd2  Kd4  43. g3
Kd3  44. Nb1  Kxc4
45. Na3+  Kxd5  46. gxf4
Ke4  47. Kg3  c5
48. Nc4  Kd3  49. Nxb6
c4  50. Nxc4  Kxc4
51. Kg4  Kd3  52. Kf5
Ke2  53. Kxf6  Kxf2
54. Kg7  Kg3  55. f5
h5  56. f6  Kxh3
57. f7  h4  58. f8=Q
Kg3  59. Qd6+  Kg2
60. Qd2+  Kg3  61. Qe1+
Kg4  62. Qh1  Kg3
63. Kg6  1-0

[Event "MCR mladeze 2019 - D12"]
[Site "Kouty nad Desnou"]
[Date "2019.03.14"]
[Round "7"]
[White "Havelkova, Beata"]
[Black "Veverkova, Dorota"]
[Result "1/2-1/2"]
[WhiteElo "1359"]
[BlackElo "1315"]
[EventDate "2019.03.09"]

1. e4  e6  2. d4  d5
3. Nd2  c5  4. exd5
Qxd5  5. dxc5  Bxc5
6. Ngf3  Nf6  7. Bc4
Qd8  8. O-O  O-O
9. Nb3  Bd6  10. Bg5
Nc6  11. c3  Ne5
12. Nxe5  Bxe5  13. Qxd8
Rxd8  14. Rfe1  Bc7
15. Rad1  Bd7  16. Nd2
Bc6  17. Bb3  Rd7
18. Nc4  Rad8  19. Rxd7
Rxd7  20. Ne5  Bxe5
21. Rxe5  Ne4  22. Be3
Nd2  23. f3  Nxb3
24. axb3  Rd1+  25. Kf2
Rb1  26. Bxa7  Rxb2+
27. Kg3  Rxb3  28. Bd4
Kf8  29. Re1  h6
30. h4  Rb5  31. Re5
Rxe5  32. Bxe5  f6
33. Bd6+  Kf7  34. f4
g6  35. c4  b5
36. cxb5  Bxb5  37. Kf2  g5
38. hxg5  hxg5  39. g3
Kg6  40. Ke3  Bc6
41. Kd4  Kf5  42. fxg5
Kxg5  43. Bf4+  Kf5
44. Bc7  e5+  45. Ke3
Kg4  46. Bd8  f5
47. Bc7  1/2-1/2

[Event "MCR mladeze 2019 - D12"]
[Site "Kouty nad Desnou"]
[Date "2019.03.14"]
[Round "7"]
[White "Zelbova, Lada"]
[Black "Rolinkova, Adela"]
[Result "1/2-1/2"]
[WhiteElo "1221"]
[BlackElo "1229"]
[EventDate "2019.03.09"]

1. d4  d5  2. Bf4  e6
3. e3  Bd6  4. Bg3
Ne7  5. c3  c5
6. Nf3  c4  7. Nbd2  f5
8. Ne5  Bxe5  9. Bxe5
O-O  10. Be2  Nbc6
11. f4  Nxe5  12. fxe5
Bd7  13. O-O  h6
14. b3  b5  15. b4
g5  16. Bh5  Be8
17. a4  a6  18. Bxe8
Qxe8  19. axb5  axb5
20. Qe1  Ng6  21. Qg3
Kg7  22. Nf3  Qf7
23. Ra5  Rxa5  24. bxa5
Ra8  25. Ra1  Ra6
26. Qf2  Qa7  1/2-1/2

[Event "MCR mladeze 2019 - D12"]
[Site "Kouty nad Desnou"]
[Date "2019.03.14"]
[Round "7"]
[White "Sehnoutkova, Laura"]
[Black "Souralova, Jana"]
[Result "1-0"]
[WhiteElo "1071"]
[BlackElo "1178"]
[EventDate "2019.03.09"]

1. e4  e5  2. Nf3  Nc6
3. Bc4  Nf6  4. Ng5
d5  5. exd5  Na5
6. Bb5+  c6  7. dxc6
bxc6  8. Be2  h6
9. Nh3  Bf5  10. Nc3
Bd6  11. d3  O-O
12. Be3  Qc7  13. Qd2
Rfd8  14. O-O-O  e4
15. Bf4  Bxf4  16. Qxf4
Qxf4+  17. Nxf4  exd3
18. Bxd3  Bxd3  19. Rxd3
Rxd3  20. Nxd3  Re8
21. Re1  Rxe1+  22. Nxe1
Ng4  23. f3  Ne5
24. b3  Kf8  25. Kd2
Ke7  26. Nd3  Nxd3
27. Kxd3  Kd6  28. b4
Nb7  29. a4  f5
30. g4  fxg4  31. fxg4  g5
32. h3  a6  33. Ke4
Ke6  34. Kd4  Kd6
35. Ne4+  Ke6  36. Nc5+
Nxc5  37. Kxc5  Kd7
38. c4  Kc7  39. b5
axb5  40. axb5  cxb5
41. cxb5  Kb7  42. b6
Kb8  43. Kc6  Kc8
44. b7+  Kb8  45. Kd6
Kxb7  46. Ke6  Kc7
47. Kf6  Kd7  48. Kg6
Ke7  49. Kxh6  Kf7
50. Kxg5  Kg7  51. h4
Kh7  52. Kf6  Kg8
53. g5  Kf8  54. Kg6
Kg8  55. Kf6  Kf8
56. h5  Kg8  57. Kg6
Kh8  58. Kf7  Kh7
59. g6+  Kh8  60. g7+
Kh7  61. g8=Q+  Kh6
62. Qg6#  1-0

[Event "MCR mladeze 2019 - D12"]
[Site "Kouty nad Desnou"]
[Date "2019.03.14"]
[Round "7"]
[White "Coufalova, Laura"]
[Black "Hetfleischova, Elen"]
[Result "0-1"]
[WhiteElo "1015"]
[BlackElo "1544"]
[EventDate "2019.03.09"]

1. e4  c5  2. Nf3  Nc6
3. d4  cxd4  4. Nxd4
g6  5. Nc3  Bg7
6. Nxc6  bxc6  7. Bd2  d5
8. exd5  cxd5  9. Qf3
e6  10. Bd3  Ne7
11. O-O  O-O  12. Rfe1
Rb8  13. Rab1  Bb7
14. Ne2  a6  15. c3
Nc6  16. Ng3  e5
17. Qg4  e4  18. Bc2
Ne5  19. Qf4  Re8
20. Be3  Bc8  21. Bd4
Qd6  22. b3  Bd7
23. Bxe4  dxe4  24. Rxe4
Bc6  25. Re3  Rbd8
26. Rbe1  Nf3+  27. Rxf3
Rxe1+  28. Nf1  Bxf3
29. Qxf3  Bxd4  30. cxd4
Qd5  0-1

[Event "MCR mladeze 2019 - D12"]
[Site "Kouty nad Desnou"]
[Date "2019.03.14"]
[Round "7"]
[White "Ticha, Sofie"]
[Black "Barteckova, Denisa"]
[Result "1/2-1/2"]
[WhiteElo "1307"]
[BlackElo "1136"]
[EventDate "2019.03.09"]

1. e4  e5  2. Nf3  Nc6
3. d4  exd4  4. Bc4
Nf6  5. O-O  Bc5
6. Bg5  d6  7. c3
dxc3  8. Nxc3  h6
9. Bh4  g5  10. Bg3
Bg4  11. Qd3  Nb4
12. Qd1  Nh5  13. Kh1
Nxg3+  14. fxg3  Qd7
15. h3  Be6  16. Bxe6
fxe6  17. Nd4  O-O-O
18. Rc1  Kb8  19. a3
Nc6  20. Nb3  Ne5
21. Nxc5  dxc5  22. Qxd7
Rxd7  23. Rf6  Re7
24. b3  b6  25. Rd1
Nd7  26. Kg1  a6
27. Rff1  Kb7  28. Rf2
Ne5  29. Kf1  Nc6
30. Ke2  Nd4+  31. Ke3
e5  32. b4  Rd7
33. Nd5  Kc6  34. bxc5  bxc5
35. Rb1  Rd6  36. Rf6
Kd7  37. Rxd6+  Kxd6
38. Kd3  Kc6  39. Ne7+
Kd7  40. Nd5  Kc6
41. Ne7+  Kd7  42. Nd5
Kc6  43. Ne7+  Kd7
44. Nd5  1/2-1/2

[Event "MCR mladeze 2019 - D12"]
[Site "Kouty nad Desnou"]
[Date "2019.03.14"]
[Round "7"]
[White "Hrbkova, Johana"]
[Black "Stribna, Julie"]
[Result "1/2-1/2"]
[WhiteElo "1179"]
[BlackElo "1034"]
[EventDate "2019.03.09"]

1. e4  e5  2. Nf3  Nc6
3. Bc4  Bc5  4. d3
Nf6  5. Nc3  h6
6. a3  a5  7. O-O  d6
8. h3  O-O  9. Be3
Ba7  10. Bxa7  Nxa7
11. Nh2  Nc6  12. f4
exf4  13. Rxf4  Be6
14. Ba2  Ne7  15. Rf3
Qe8  16. Rg3  Ng6
17. Qd2  Kh7  18. Ne2
Bxa2  19. Rxa2  Qe5
20. Ng4  Qe6  21. Nxf6+
Qxf6  22. Rf3  Qe6
23. Ra1  b6  24. Raf1
c5  25. Nf4  Nxf4
26. Qxf4  Ra7  27. c3
Re7  28. Re3  Kg8
29. Rff3  Rd8  30. Rg3
Kh7  31. Qh4  Rg8
32. Rg5  Qf6  33. Reg3
Re6  34. R5g4  Qxh4
35. Rxh4  Rg6  36. Rf3
Rf6  37. Rxf6  gxf6
38. Rf4  Rg6  39. Rf5
Kg7  40. Rd5  f5
41. Rxf5  Rf6  42. Kf2
Rxf5+  43. exf5  Kf6
44. g4  Ke5  45. Kg3
d5  46. c4  dxc4
47. dxc4  Kd4  48. h4
Kxc4  49. g5  hxg5
50. hxg5  Kb3  51. g6
fxg6  52. fxg6  Kxb2
53. g7  c4  54. g8=Q
c3  55. Qg7  b5
56. Qe5  b4  57. axb4  axb4
58. Qb5  b3  59. Qe2+
c2  60. Kf3  Kb1
61. Qb5  b2  62. Qd3
Ka1  63. Qxc2  b1=Q
64. Qxb1+  Kxb1  1/2-1/2

[Event "MCR mladeze 2019 - D14"]
[Site "Kouty nad Desnou"]
[Date "2019.03.14"]
[Round "7"]
[White "Zemanova, Nikola"]
[Black "Lhotska, Anna"]
[Result "0-1"]
[WhiteElo "1387"]
[BlackElo "1845"]
[EventDate "2019.03.09"]

1. d4  d5  2. c4  dxc4
3. Nc3  a6  4. e4
b5  5. a3  Nf6
6. g3  Bb7  7. Bg2  e6
8. Nge2  c5  9. O-O
cxd4  10. Nxd4  Bc5
11. Be3  Nbd7  12. Nc2
Bxe3  13. Nxe3  O-O
14. Qc2  Qc7  15. Rfd1
Nc5  16. f4  Nd3
17. b3  Qc5  18. Qe2
Ng4  19. bxc4  bxc4
20. Rdb1  Nxe3  21. Kh1
Ng4  22. Rxb7  Ndf2+
23. Kg1  Nh3+  24. Kf1
Qg1#  0-1

[Event "MCR mladeze 2019 - D14"]
[Site "Kouty nad Desnou"]
[Date "2019.03.14"]
[Round "7"]
[White "Voriskova, Anna"]
[Black "Strnadova, Monika"]
[Result "0-1"]
[WhiteElo "1603"]
[BlackElo "1521"]
[EventDate "2019.03.09"]

1. e4  e5  2. Nf3  Nc6
3. Bb5  f5  4. d3
fxe4  5. dxe4  Nf6
6. O-O  Bc5  7. Nc3
d6  8. Bc4  Bg4
9. Qd3  Nb4  10. Qd1  Bxf3
11. Qxf3  Nxc2  12. Qg3
Qe7  13. Rb1  Rf8
14. a3  a5  15. Bg5
c6  16. Qd3  Nd4
17. b4  axb4  18. axb4
Ba7  19. b5  Qc7
20. Na4  d5  21. exd5
cxd5  22. Ba2  e4
23. Qh3  Qc2  24. Nc3
Qxc3  25. Be3  Ne2+
26. Kh1  Qc8  27. Qxc8+
Rxc8  28. Bxa7  Ra8
29. b6  d4  30. Bc4
d3  31. f3  Rd8
32. Ba6  bxa6  33. b7  Nd7
34. b8=Q  Nxb8  35. Rxb8
Rxb8  36. Bxb8  Rf7
37. Be5  Ke7  38. f4
Ke6  39. g3  Rd7
40. Kg2  d2  41. Rd1
g5  42. Kf2  Nc1
43. h3  Nd3+  44. Ke3
Nxe5  45. fxe5  Kxe5
0-1

[Event "MCR mladeze 2019 - D14"]
[Site "Kouty nad Desnou"]
[Date "2019.03.14"]
[Round "7"]
[White "Stastna, Martina"]
[Black "Trasakova, Adela"]
[Result "1/2-1/2"]
[WhiteElo "1660"]
[BlackElo "1579"]
[EventDate "2019.03.09"]

1. e4  c6  2. d4  d5
3. exd5  cxd5  4. c4
Nf6  5. Nc3  Nc6
6. Nf3  Bg4  7. cxd5
Nxd5  8. Qb3  Bxf3
9. gxf3  e6  10. Qxb7
Nxd4  11. Bb5+  Nxb5
12. Qc6+  Ke7  13. Qc5+
Nd6  14. Nxd5+ exd5  15. Qxd5
Rb8  16. O-O  Rb5
17. Bg5+ Kd7 18. Qxb5+  Nxb5
19. Bxd8  Kxd8  20. Rfd1+  Nd6
21. Rac1 Kd7  22. Rc3  Be7  23.
Ra3  Ra8  24. Kg2  Ke8
25. Re3  Rd8  26. b3
Kf8  27. Rc3  Rc8
28. Rxc8+  Nxc8  29. Rc1
Nd6  30. Rc7  a5
31. Ra7  Bd8  32. Kf1
Nb5  33. Rd7  Ke8
34. Rd3  Ke7  35. a4
Nc7  36. Rd4  Ne6
37. Rc4  Bc7  38. b4
axb4  39. Rxb4  Kd7
40. Rb5  Kc6  41. Kg1
Nc5  42. Rb4  Bb6
43. Rc4  Ba7  44. Kg2
Kb6  45. Rf4  f6
46. Rh4  h6  47. Rg4
g5  48. Rd4  Bb8
49. Rb4+  Ka7  50. Rb5
Ne6  51. Ra5+  Kb6
52. Ra8  Be5  53. Rh8
Nf4+  54. Kf1  h5
55. Rc8  Ka5  56. Ra8+
Kb6  57. Rc8  h4
58. Kg1  Bd4  59. Rd8
Be5  60. Rc8  Kb7
61. Rc4  Bc7  62. Rb4+
Ka6  63. Rc4  Be5
64. Rc8  Ka5 1/2-1/2

[Event "MCR mladeze 2019 - D14"]
[Site "Kouty nad Desnou"]
[Date "2019.03.14"]
[Round "7"]
[White "Sulcova, Tereza Radmila"]
[Black "Pejrimovska, Viola Ruby"]
[Result "1-0"]
[WhiteElo "1268"]
[BlackElo "1486"]
[EventDate "2019.03.09"]

1. d4  Nf6  2. Nf3  g6
3. e3  Bg7  4. Bd3
d6  5. Nbd2  O-O
6. O-O  Nbd7  7. c3
b6  8. Qc2  Bb7
9. e4  e5  10. d5  a5
11. c4  Nc5  12. Be2
Re8  13. a3  a4
14. Ne1  c6  15. f3  Nh5
16. b4  axb3  17. Nxb3
cxd5  18. Nxc5  bxc5
19. cxd5  Nf4  20. Bb5
Rf8  21. Nd3  Nxd3
22. Qxd3  Qa5  23. Bd2
Qa7  24. a4  Rfc8
25. Rfc1  Rf8  26. Bg5
h6  27. Be3  f5
28. Qd2  f4  29. Bf2  Ba6
30. Bc6  Bb7  31. Bb5
Bc8  32. Qe2  Ba6
33. Bxa6  Qxa6  34. Qxa6
Rxa6  35. Be1  Rfa8
36. Rc4  Bf6  37. Kf2
Rb8  38. Rc2  Bd8
39. Ke2  Ba5  40. Bf2
Rb3  41. h3  Ra8
42. Kd1  Rc8  43. Rac1
Ra3  44. Rc4  Bb4
45. Rxb4  Ra2  46. Ke1
Rd8  47. Rbc4  Ra8
48. Rb1  Kf8  49. Rb6
Ke7  50. Rb7+  Ke8
51. Rg7  g5  52. Rg8+
Kd7  53. Rxa8  Ra1+
54. Ke2  Ra2+  55. Kf1
Ra1+  56. Be1  1-0

[Event "MCR mladeze 2019 - D14"]
[Site "Kouty nad Desnou"]
[Date "2019.03.14"]
[Round "7"]
[White "Hosova, Sandra"]
[Black "Vankova, Marie"]
[Result "0-1"]
[WhiteElo "1148"]
[BlackElo "1341"]
[EventDate "2019.03.09"]

1. e4  e6  2. d4  d5
3. exd5  exd5  4. Bd3
Nc6  5. Nf3  Bg4
6. c3  Qd7  7. O-O
Bd6  8. Re1+  Nge7
9. Bg5  O-O-O  10. Nbd2
f6  11. Be3  Ng6
12. Qb3  f5  13. Bg5
Rdf8  14. Kh1  h6
15. Bh4  Nf4  16. Bb5
g5  17. Bg3  a6
18. a4  axb5  19. axb5  Nb8
20. Ra8  c6  21. bxc6
Qxc6  22. Ne5  Bxe5
23. Rxe5  Re8  24. h3
Rxe5  25. dxe5  Bh5
26. c4  dxc4  27. Nxc4
Qxg2#  0-1

[Event "MCR mladeze 2019 - D14"]
[Site "Kouty nad Desnou"]
[Date "2019.03.14"]
[Round "7"]
[White "Dudova, Pavlina"]
[Black "Jirotova, Eliska"]
[Result "1/2-1/2"]
[WhiteElo "1505"]
[BlackElo "1250"]
[EventDate "2019.03.09"]

1. e4  c5  2. Nf3  Nc6
3. d4  cxd4  4. Nxd4
g6  5. Nc3  Bg7
6. Be3  Nf6  7. Be2  O-O
8. Nb3  d6  9. O-O
Bd7  10. f4  Rc8
11. Bf3  Qc7  12. Qe2
a6  13. Rfd1  b5
14. a3  Rfd8  15. Rd2
Be6  16. Rad1  Bc4
17. Qf2  Rb8  18. Nd4
Nxd4  19. Bxd4  Rf8
20. e5  Ne8  21. Ba7
Rc8  22. exd6  exd6
23. Bd4  Bxd4  24. Qxd4
Rd8  25. Ne4  Qe7
26. Re1  Qc7  27. Nf6+
Nxf6  28. Qxf6  Rfe8
29. Rxe8+  Rxe8  30. Qxd6
Re1+  31. Kf2  Rf1+
32. Kg3  Qa7  33. Qd8+
Kg7  34. Qd4+  Qxd4
35. Rxd4  Rc1  36. Be4
Re1  37. b3  Be6
38. a4  bxa4  39. Rxa4
Bc8  40. Bd3  Re6
41. f5  Rf6  42. fxg6
hxg6  43. Rc4  Bd7
44. Rc7  Bb5  45. Bxb5
axb5  46. Rc5  b4
47. Rc4  Rb6  48. Kf4
Rb5  49. Ke4  Kf6
50. Kd4  Ke6  51. Rc6+
Kd7  52. Rc5  Rb8
53. Kc4  Ke6  54. Rb5
Rh8  55. h3  Rd8
56. Rb6+  Kf5  57. Rb5+
Kf4  58. Rxb4  Kg3
59. Rb7  Rf8  60. Re7
Kxg2  61. Re3  f5
62. Re6  g5  63. Rg6
f4  64. Rxg5+  Kxh3
65. Rg1  f3  66. b4
f2  67. Rd1  f1=Q+
68. Rxf1  Rxf1  69. b5
Rb1  70. Kc5  Kg4
71. c4  Kf5  72. Kd5
Kf6  73. Kc6  Ke7
74. b6  Ke6  75. c5
Ke7  76. Kc7  Ke6
77. b7  Kd5  78. c6
Rb2  79. Kd7  Kc5
80. c7  Rxb7  81. Kd8
Rxc7  82. Kxc7  1/2-1/2

[Event "MCR mladeze 2019 - D14"]
[Site "Kouty nad Desnou"]
[Date "2019.03.14"]
[Round "7"]
[White "Pluharova, Asja"]
[Black "Ruzickova, Ema"]
[Result "0-1"]
[WhiteElo "1143"]
[BlackElo "1363"]
[EventDate "2019.03.09"]

1. e4  e5  2. Nf3  Nc6
3. d4  exd4  4. Nxd4
Nf6  5. Nc3  Bb4
6. Nxc6  bxc6  7. Bd3
d5  8. exd5  cxd5
9. O-O  O-O  10. Bg5
c6  11. Qf3  Bd6
12. Ne2  Bg4  13. Qe3
Re8  14. Qd2  Bxe2
15. Bxe2  Ne4  16. Bxd8
Nxd2  17. Rfe1  Raxd8
18. Rad1  Nc4  19. Bxc4
dxc4  20. g3  Rxe1+
21. Rxe1  Kf8  22. Re4
Rb8  23. Rxc4  Rxb2
24. Rxc6  Ke7  25. Ra6
Rxc2  26. Rxa7+  Ke6
27. Ra6  Kd7  28. Ra7+
Rc7  29. Rxc7+  Bxc7
30. Kf1  h5  31. h3
g5  32. g4  h4
33. Ke2  Ke6  34. Kf3  f5
35. gxf5+  Kxf5  36. a4
Bb6  37. Kg2  Kf4
38. f3  Ke3  39. Kh1
Ba5  40. Kg2  Ke2
41. Kg1  Kxf3  42. Kh2
Kf2  43. Kh1  Kg3
44. Kg1  Kxh3  45. Kh1
g4  46. Kg1  g3
47. Kh1  g2+  48. Kg1  Bb6# 0-1

[Event "MCR mladeze 2019 - D14"]
[Site "Kouty nad Desnou"]
[Date "2019.03.14"]
[Round "7"]
[White "Maresova, Michaela"]
[Black "Fizerova, Lucie"]
[Result "1/2-1/2"]
[WhiteElo "1335"]
[BlackElo "1537"]
[EventDate "2019.03.09"]

1. c4 e5 2. Nc3 Nf6 3. g3 c6 4. Bg2 d5 5. cxd5 cxd5 6. d3 Nc6 7. Bg5 d4 8. Nd5
Qa5+ 9. Bd2 Qd8 10. Nxf6+ Qxf6 11. Nf3 Be7 12. O-O O-O 13. Bg5 Qd6 14. Bxe7 Qxe7
15. Rc1 Bg4 16. Re1 Rad8 17. Qc2 f5 18. Qc5 Qxc5 19. Rxc5 Rde8 20. Nd2 Rf6 21.
Bxc6 Rxc6 22. Rxc6 bxc6 23. f3 Bh5 24. Rc1 Re6 25. Rc5 Bg6 26. Kf2 Kf8 27. Ra5
Re7 28. Rc5 Re6 29. Ra5 Re7 30. Rc5 1/2-1/2

[Event "MCR mladeze 2019 - D14"]
[Site "Kouty nad Desnou"]
[Date "2019.03.14"]
[Round "7"]
[White "Semova, Lada"]
[Black "Nagyova, Daniela"]
[Result "1-0"]
[WhiteElo "1441"]
[BlackElo "1397"]
[EventDate "2019.03.09"]

1. d4  Nf6  2. Bf4  e6
3. e3  b6  4. c4
Bb7  5. Nf3  Ne4
6. Nfd2  Bb4  7. f3
Nxd2  8. Nxd2  O-O
9. Bd3  d6  10. Qc2
Bxd2+  11. Kxd2  f5
12. h4  c5  13. d5
e5  14. Bg5  Qd7
15. h5  e4  16. Be2
h6  17. Bf4  Na6
18. a3  Rae8  19. Rag1
Rf7  20. g4  Kf8
21. gxf5  exf3  22. Bxf3
Ke7  23. Bg4  Rf6
24. Bh3  Kd8  25. Rg3
Kc7  26. Rhg1  Rg8
27. Rg6  Qe7  28. Rxf6
Qxf6  29. Rg6  Qh4
30. Bg4  Qf2+  31. Kc3
Qe1+  32. Qd2  Qf1
33. Bxd6+  Kd8  34. Qe2
Qc1+  35. Kb3  b5
36. Bf4  bxc4+  37. Qxc4
Qd1+  38. Bxd1  1-0

[Event "MCR mladeze 2019 - D14"]
[Site "Kouty nad Desnou"]
[Date "2019.03.14"]
[Round "7"]
[White "Merinska, Julie"]
[Black "Habinova, Alice"]
[Result "0-1"]
[WhiteElo "1044"]
[BlackElo "1409"]
[EventDate "2019.03.09"]

1. e4 e5 2. Nf3 Nc6 3. Bc4 Nf6 4. Nc3 Nxe4 5. Nxe4 d5 6. Bb5 dxe4 7. Bxc6+ bxc6
8. Nxe5 Qd5 9. Ng4 Bd6 10. Ne3 Qg5 11. d4 O-O 12. g3 Qg6 13. d5 cxd5 14. Qxd5 Be6
15. Qa5 Rab8 16. Qxa7 Ra8 17. Qd4 Rfd8 18. Qc3 Qh5 19. Nc4 Bb4 0-1

[Event "MCR mladeze 2019 - D14"]
[Site "Kouty nad Desnou"]
[Date "2019.03.14"]
[Round "7"]
[White "Smajzrova, Dominika"]
[Black "Vlachynska, Lilian"]
[Result "1-0"]
[WhiteElo "1400"]
[BlackElo "1108"]
[EventDate "2019.03.09"]

1. e4 e5 2. Nf3 Nc6 3. d4 exd4 4. Bc4 Nf6 5. e5 d5 6. Bb5 Ne4 7. Nxd4 Bd7 8. Bxc6
bxc6 9. O-O Bc5 10. Be3 Bb6 11. Nc3 Nxc3 12. bxc3 c5 13. Nb3 c4 14. Nd4 Qe7 15.
Re1 O-O 16. Bf4 Rad8 17. Qf3 c5 18. Ne2 Bf5 19. Qg3 Rfe8 20. Bg5 Qxe5 21. Bxd8
Qxg3 22. Nxg3 Rxd8 23. Nxf5 g6 24. Nh6+ Kg7 25. Ng4 Ba5 26. Re3 h5 27. Ne5 Rd6
28. Rf3 f6 29. Nxc4 dxc4 30. h3 f5 31. Rb1 Kf6 32. Rf4 Bxc3 33. Rxc4 Bb4 34. c3
Ba3 35. Ra4 a6 36. Rxa3 Ke5 37. Re1+ Kf4 38. Ra4+ Kg5 39. h4+ Kf6 40. Rc4 Rc6 41.
f4 Kf7 42. Re5 Kf6 43. Rexc5 Rxc5 44. Rxc5 Kf7 45. Rc6 a5 46. Kf2 Kg7 47. Ke3 Kf7
48. Kd4 Kg7 49. Ke5 Kf7 50. Re6 1-0

[Event "MCR mladeze 2019 - D14"]
[Site "Kouty nad Desnou"]
[Date "2019.03.14"]
[Round "7"]
[White "Nespora, Tatana"]
[Black "Glasbergerova, Lucie"]
[Result "1-0"]
[WhiteElo "1319"]
[BlackElo "1138"]
[EventDate "2019.03.09"]

1. e4  e5  2. d4  exd4
3. Qxd4  Nc6  4. Qe3
Nf6  5. Nc3  Bb4
6. Bd2  O-O  7. O-O-O
d6  8. f4  Bc5
9. Qg3  Re8  10. Bd3  Bd7
11. Nf3  Bg4  12. h3
Bxf3  13. gxf3  Qd7
14. Bc4  Rad8  15. h4
h6  16. f5  a6
17. Bxh6  Nh5  18. Qg5  g6
19. Qxg6+  Kh8  20. Qxh5
Bd4  21. Bxf7  Re7
22. Bf8#  1-0

[Event "MCR mladeze 2019 - D16"]
[Site "Kouty nad Desnou"]
[Date "2019.03.14"]
[Round "7"]
[White "Gregurkova, Nikola"]
[Black "Dvorakova, Olga"]
[Result "1/2-1/2"]
[WhiteElo "1687"]
[BlackElo "1715"]
[EventDate "2019.03.09"]

1. e4  c6  2. d4  d5
3. exd5  cxd5  4. Bd3
Nc6  5. c3  Nf6
6. Bf4  Bg4  7. Qb3  Qd7
8. Nd2  e6  9. Ngf3
Bd6  10. Bxd6  Qxd6
11. O-O  O-O  12. Rfe1
Qc7  13. Re3  Bh5
14. h3  Rac8  15. Ne5
Nxe5  16. Rxe5  Bg6
17. Bxg6  hxg6  18. Rae1
Nd7  19. R5e3  Nb6
20. a3  Rfd8  21. g3
Rd7  22. Kg2  1/2-1/2

[Event "MCR mladeze 2019 - D16"]
[Site "Kouty nad Desnou"]
[Date "2019.03.14"]
[Round "7"]
[White "Rolinkova, Lucie"]
[Black "Laurincova, Kristyna"]
[Result "0-1"]
[WhiteElo "1639"]
[BlackElo "2108"]
[EventDate "2019.03.09"]

1. d4  c5  2. e3  Nf6
3. Nc3  b6  4. Nf3
Bb7  5. Be2  g6
6. O-O  d6  7. d5  Bg7
8. e4  O-O  9. Re1
a6  10. a4  Nbd7
11. h3  Ne8  12. Bd2
Nc7  13. Ra3  Kh8
14. Bc4  Rb8  15. Rb3
Bc8  16. Qc1  e5
17. Bh6  f5  18. Bxg7+
Kxg7  19. Qd2  f4
20. Rd1  g5  21. Be2
h5  22. g4  hxg4
23. hxg4  Rh8  24. Nh2
Nf6  25. Kg2  Rh4
26. f3  Qh8  27. Rh1
Rh3  28. Qe1  Rg3+
29. Kf2  Qh4  30. Qd2
Rxf3+  0-1